00729 2200193 4500001002100000005001500021035002000036100001400056245010400070300003100174020002200205082000800227084001400235260003400249520021300283650001600496856000900512990001400521INLIS00000000000885120260518080121 a0010-05260001890 aNOVIYANTI1 aHidup Sehat Tanpa Asam Urat :bCara Pintar Mendeteksi Mencegah & Mengobati Asam Urat /cNOVIYANTI a200 hlm :bIlus ;c14x20cm a978-602-288-048-6 a613 a613 NOV h ayogyakarta :bNotebook,c2015 aMengenal Penyakit Sam Urat Lebih Dekat,Seputar Penyakit Asam Urat,Apa Itu Asam Urat,Penyebab Terjadinya Asam Urat,,kriteriia Makanan Dengan Kandungan Purin,Organ Tubuh yang dapat Terserang penyakit Asam Urat 4ailmuTerapan aumum aIT2015480